00473nam a22001577a 450000500170000000800410001702000180005804100080007608200140008410000170009824500990011525000080021426000350022230000190025765000390027620250316212746.0250316b |||||||| |||| 00| 0 eng d a9783658375980 aEng a006.3 WEB aWeber, Felix aArtificial Intelligence for Business Analytics: Algorithms Platforms and Application Scenarios a1st aGermanybSpringer Viewegc2023 a136;. P. 23 cm aInformation Technology and Systems